Návrh a implementácia systému na grafickú vizualizáciu prúdového spracovania inštrukcií

Salvato in:
Dettagli Bibliografici
Autore principale: Fiala, Michal (Autore)
Altri autori: Hudec, Ján, 1953- (xxx)
Natura: Manoscritto Libro
Lingua:slovacco
Pubblicazione: Bratislava : STU v Bratislave FIIT, 2006
Soggetti:
Tags: Aggiungi Tag
Nessun Tag, puoi essere il primo ad aggiungerne!!

MARC

LEADER 00000ntm a22000003a 4500
001 stu140223
005 20160720142911.0
008 070418s2006----xo------------------slo-d
040 |a STU  |b slo 
041 0 |a slo 
044 |a xo 
100 1 |a Fiala, Michal  |4 aut 
245 1 |a Návrh a implementácia systému na grafickú vizualizáciu prúdového spracovania inštrukcií 
260 |a Bratislava :  |b STU v Bratislave FIIT,  |c 2006 
300 |a  71 s 
650 7 |a počítačové systémy a siete  |2 stusub 
700 1 |a Hudec, Ján,  |d 1953-  |4 xxx  |u I100  |U FIIT Fakulta informatiky a informačných technológií  |T FIIT Ústav počítačových systémov a sietí  |X 1995  |U I100  |Y 178  |7 A000001995 
996 |b IZP20/06  |c I*ZP20/06  |l II680  |s A  |a 24  |w stu140223_0001